000 01104nam2a22002651 4500
001 rc\3975005
005 20260407074523.0
035 _a(NLR Aleph) 008058124
090 _a8985204
_c8985204
100 _a20130415d1966 |||y0rusy50 ca
101 0 _arus
102 _aRU
105 _ay z |||||
200 0 _a4
_fПод ред. М.В. Нечкиной (гл. ред.) [и др.]
210 _aМосква
_cНаука
_d1966
215 _a854 с.
461 0 _1001rc\3975001
_12001#$aОчерки истории исторической науки в СССР$e[Т.] 1-$v4
_98985180
_cМосква
_d1955-1963
_nИзд-во Акад. наук СССР
_o[Т.] 1-
_tОчерки истории исторической науки в СССР
_v4
702 1 _4340
_7ca
_8rus
_aНечкина
_bМ. В.
_f1899-1985
_gМилица Васильевна
_9113287
_3RU\NLR\AUTH\773282
712 0 2 _aИнститут истории
_cМосква
_9277995
_3RU\NLR\AUTH\883377
801 0 _aRU
_bNLR
_gpsbo
801 1 _aRU
_bELAR
_2rusmarc
852 _aNLR
_jИр10 Г-5/145
942 _cBOOK
980 _aNB